00357 a2200145 4500003000400000005001700004008004100021020001800062040000900080082001700089100003200106245002800138260003500166300001000201OSt20230901114332.0230901b |||||||| |||| 00| 0 eng d a9789393715142 coclc a658.4bDES/D aDeshmukh, Laxmikant Baburao aDIGITAL INNOVATION /  aNew Delhi:bBloomsbury,c2022. a232 p